The new strategic brand management (Record no. 4910)

MARC details
000 -CABECERA
campo de control de longitud fija 02178cam a2200337Ka 4500
001 - NÚMERO DE CONTROL
campo de control 6180128
005 - FECHA Y HORA DE LA ÚLTIMA TRANSACCIÓN
campo de control 20250905103243.0
006 - CÓDIGOS DE INFORMACIÓN DE LONGITUD FIJA--CARACTERÍSTICAS DEL MATERIAL ADICIONAL
campo de control de longitud fija m o d
007 - CAMPO FIJO DE DESCRIPCIÓN FÍSICA--INFORMACIÓN GENERAL
campo de control de longitud fija cr cnu---unuuu
008 - DATOS DE LONGITUD FIJA--INFORMACIÓN GENERAL
campo de control de longitud fija 120318s2012 enk ob 001 0 eng d
020 ## - NÚMERO INTERNACIONAL ESTÁNDAR DEL LIBRO
Número Internacional Estándar del Libro 9780749465162 (electronic bk.)
020 ## - NÚMERO INTERNACIONAL ESTÁNDAR DEL LIBRO
ISBN cancelado o inválido 9780749465155
035 ## - NÚMERO DE CONTROL DEL SISTEMA
Número de control de sistema (AU-PeEL)871552
035 ## - NÚMERO DE CONTROL DEL SISTEMA
Número de control de sistema (NhCcYBP)ybp7489027
035 ## - NÚMERO DE CONTROL DEL SISTEMA
Número de control de sistema (CaBVaU)6180128
040 ## - FUENTE DE LA CATALOGACIÓN
Centro catalogador/agencia de origen NhCcYBP
Centro/agencia transcriptor NhCcYBP
Centro/agencia modificador UtOrBLW
041 ## - CÓDIGO DE LENGUA
Código de lengua del texto/banda sonora o título independiente English
050 #4 - SIGNATURA TOPOGRÁFICA DE LA BIBLIOTECA DEL CONGRESO
Número de clasificación HD69.B7
Número de documento/Ítem K37 2012
100 ## - ENTRADA PRINCIPAL--NOMBRE DE PERSONA
Nombre de persona Kapferer, Jean-Noël
9 (RLIN) 2368
245 14 - MENCIÓN DE TÍTULO
Título The new strategic brand management
Resto del título : advanced insights and strategic thinking /
Mención de responsabilidad, etc. Jean-Noël Kapferer.
250 ## - MENCIÓN DE EDICIÓN
Mención de edición Fifth edition
260 ## - PUBLICACIÓN, DISTRIBUCIÓN, ETC.
Lugar de publicación, distribución, etc. London ;
-- Philadelphia :
Nombre del editor, distribuidor, etc. Kogan Page,
Fecha de publicación, distribución, etc. 2012.
300 ## - DESCRIPCIÓN FÍSICA
Extensión 1 online resource ;
504 ## - NOTA DE BIBLIOGRAFÍA, ETC.
Nota de bibliografía, etc. Includes bibliographical references and index.
520 ## - SUMARIO, ETC.
Sumario, etc. "Adopted internationally by business schools, MBA programmes and marketing practitioners alike, The New Strategic Brand Management is simply the reference source for senior strategists, positioning professionals and postgraduate students. Over the years it has not only established a reputation as one of the leading works on brand strategy but also has become synonymous with the topic itself. The new edition builds on this impressive reputation and keeps the book at the forefront of strategic brand thinking. Revealing and explaining the latest techniques used by companies worldwide, author Jean-Noël Kapferer covers all the leading issues faced by the brand strategist today, supported by an array of international case studies. With both gravitas and intelligent insight, the book reveals new thinking on topics such as putting culture and content into brands, the impact of private labels, the new dynamics of targeting and the comeback of local brands"--
Fuente proveedora Provided by publisher.
650 #0 - PUNTO DE ACCESO ADICIONAL DE MATERIA--TÉRMINO DE MATERIA
Término de materia o nombre geográfico como elemento de entrada Brand name products
Subdivisión general Management
9 (RLIN) 2369
650 #0 - PUNTO DE ACCESO ADICIONAL DE MATERIA--TÉRMINO DE MATERIA
Término de materia o nombre geográfico como elemento de entrada Branding (Marketing)
9 (RLIN) 6284
690 ## - PUNTO DE ACCESO ADICIONAL DE MATERIA LOCAL--TÉRMINO DE MATERIA (OCLC, RLIN)
Término de materia o nombre geográfico como elemento inicial Electronic books.
856 ## - LOCALIZACIÓN Y ACCESO ELECTRÓNICOS
Identificador Uniforme del Recurso <a href="https://bibliotheque.tbs-education.fr/Default/doc/SYRACUSE/3391622/the-new-strategic-brand-management-advanced-insights-and-strategic-thinking-jean-noel-kapferer">https://bibliotheque.tbs-education.fr/Default/doc/SYRACUSE/3391622/the-new-strategic-brand-management-advanced-insights-and-strategic-thinking-jean-noel-kapferer</a>
942 ## - ELEMENTOS DE ENTRADA AGREGADA (KOHA)
Fuente del sistema de clasificación o colocación Clasificación de Library of Congress
Holdings
Estado de retiro Estado de pérdida Fuente del sistema de clasificación o colocación Estado dañado No para préstamo Biblioteca de origen Biblioteca actual Fecha de adquisición Total de préstamos Fecha visto por última vez Número de copia Identificador Uniforme del Recurso Precio válido a partir de Tipo de ítem Koha
    Clasificación de Library of Congress     TBS Barcelona TBS Barcelona 05/09/2025   05/09/2025 1 https://bibliotheque.tbs-education.fr/Default/doc/SYRACUSE/3391622/the-new-strategic-brand-management-advanced-insights-and-strategic-thinking-jean-noel-kapferer 05/09/2025 eBook

Powered by Koha